Statistics for Best Rated Video Games of All Time

Click here to take the quiz!

General Stats

  • This quiz has been taken 115 times
  • The average score is 17 of 44

Answer Stats

No. of list appearancesGameReleasedDeveloper/Creator% Correct
31Super Mario Bros.1985Nintendo
71%
48The Legend of Zelda: Ocarina of Time1998Nintendo
70%
45Tetris1984Alexei Pajitnov
67%
21Sonic the Hedgehog1991Sonic Team
64%
23Half-Life1998Valve Corporation
59%
25The Legend of Zelda1986Nintendo
57%
38Half-Life 22004Valve Corporation
56%
45Super Mario 641996Nintendo
54%
38Super Mario World1990Nintendo
53%
23Donkey Kong1981Nintendo
50%
23World of Warcraft2004Blizzard Entertainment
50%
40Final Fantasy VII1997Square
48%
31Super Mario Bros. 31988Nintendo
46%
28Final Fantasy VI1994Square
45%
35Super Mario Kart1992Nintendo
45%
42Street Fighter II: The World Warrior1991Capcom
44%
33Metal Gear Solid1998Konami
43%
44The Legend of Zelda: A Link to the Past1991Nintendo
41%
21Super Mario Galaxy2007Nintendo
39%
23The Legend of Zelda: Majora's Mask2000Nintendo
39%
22Pac-Man1980Namco
38%
24Resident Evil1996Capcom
38%
23Doom1993id Software
36%
27Pokémon Red and Blue1998Game Freak
34%
36Resident Evil 42005Capcom
34%
21Counter-Strike2000Valve Corporation
32%
25StarCraft1998Blizzard Entertainment
31%
39Super Metroid1994Nintendo
31%
26BioShock20072K Games
30%
22The Legend of Zelda: The Wind Waker2002Nintendo
30%
38GoldenEye 0071997Rare
29%
23Diablo II2000Blizzard Entertainment
28%
22Halo: Combat Evolved2001Bungie
28%
24Metroid Prime2002Nintendo
28%
25Shadow of the Colossus2005Team Ico
27%
43Chrono Trigger1995Square
26%
30Castlevania: Symphony of the Night1997Konami
24%
22Super Smash Bros. Melee2001HAL Laboratory
23%
24Super Mario World 2: Yoshi's Island1995Nintendo
17%
21Space Invaders1978Taito
16%
22Contra1987Konami
11%
20Grim Fandango1998LucasArts
11%
21Deus Ex2000Ion Storm
8%
26SoulCalibur1998Namco
7%

Score Distribution

Percentile by Number Answered

Percent of People with Each Score

Your Score History

You have not taken this quiz